000
00314nam a2200109Ia 4500
008
171211s9999 xx 000 0 und d
245
_a
Feminism, Sexuality, and Politics: Essays
245
_c
Estelle B. Freedman
260
_c
2014
650
_x
Sexuality
856
_u
http://down.ebook777.com/059/9780807830314.pdf
999
_c
350703
_d
350703